Oscars 'Best Picture' Quiz - Statistics

General Stats
  • This quiz has been taken 549 times
  • The average score is 23 of 30
Answer Stats
Hint Answer % Correct
1995: A man with a low IQ joins the army for service and leads a life of extraordinary achievement, all whilst saving his troubled childhood love. Forrest Gump
93%
1994: A German industrialist and member of the Nazi party tries to save his Jewish employees after witnessing the persecution of Jews in Poland. Schindler's List
93%
2001: Set in Roman times, a once powerful general is forced to become a common fighter following the death of the Emperor. Gladiator
90%
2011: King George VI enlist the help of a speech therapist to cure his stammer and make him worthy of leading his country through World War II. The King's Speech
90%
2009: A teenager from the slums of Mumbai participates in a game show and is arrested for knowing more than he is expected to. Slumdog Millionaire
89%
2004: The former fellowship members prepare for the final battle and the ring is brought to Mount Doom in hopes that it is finally destroyed. The Lord of the Rings: The Return of the King
89%
1998: An engaged girl from an aristocratic family boards a ship and falls in love with an Artist. Titanic
89%
1992: An FBI agent seeks the help of a psychotic serial killer in order to apprehend another criminal. The Silence of the Lambs
87%
1996: A Scottish rebel and his clan set out to battle King Edward I of England who killed his bride a day after their wedding. Braveheart
86%
1990: An old Southern Jewish lady and her African-American driver form an unlikely bond. Driving Miss Daisy
86%
2005: A veteran boxing trainer mentors a younger girl and the two form an unbreakable bond. Million Dollar Baby
84%
2014: A free African-American is promised a job, however, upon arriving in Washington DC, he realises that he has been sold into slavery. 12 Years a Slave
81%
2000: A man, slowly slipping into depression becomes infatuated with his daughter's friend. American Beauty
80%
2002: A brilliant but asocial mathematician suffers from paranoid schizophrenia. A Beautiful Mind
79%
1991: A civil war soldier develops a relationship with a band of Lakota Indians. Dances With Wolves
78%
2019: Amidst the racism of 1960s Southern America, an African-American pianist hires an Italian American bouncer to drive him through his venues. Green Book
78%
2013: An exfiltration specialist masquerades as a Hollywood producer in order to rescue six Americans who are held captive during the US hostage crisis in Iran. Argo
76%
2010: A sergeant is tasked with training a bomb disposal team during the Iraq War. The Hurt Locker
76%
2017: A young African-American boy finds guidance in a drug dealer who teaches him to carve his own path. Moonlight
75%
2012: A girl falls in love with a silent film star, but things change when she becomes a successful actress and his career spirals. The Artist
75%
2018: A lonely journalist stumbles upon a creature held captive in a research facility and the two develop a unique relationship. The Shape of Water
75%
2015: A fading cinema superhero plans to resurrect his career with a broadway production. Birdman
72%
2016: A new editor joins the Boston Globe and pushes 4 journalists to investigate child molestation charges against the local church. Spotlight
71%
1997: A nurse tends to a plane crash victim on his death bed, whilst doing so, she finds a way to heal herself. The English Patient
71%
1999: A man in search for a muse for his writing meets a girl who is due to be married to the Lord of Wessex. Shakespeare in Love
66%
2003: A nightclub sensation murders her husband and calls upon the slickest lawyer in town to defend her. Chicago
63%
2006: A group of strangers in Los Angeles come together following the events of September 11 2001. Crash
58%
1993: A retired gunslinger, and single father, enlists the help of his old partner and a young friend to take on one last job. Unforgiven
58%
2008: A hunter's life takes a drastic turn after he discovers 2 million dollars whilst strolling through the aftermath of a drug deal. No Country for Old Men
57%
2007: An undercover agent and a spy counter-attack each other to save themselves from being exposed to the authorities. The Departed
50%
No matching quizzes found
Score Distribution
Percent of People with Each Score
Percentile by Number Answered
Your Score History
You have not taken this quiz